书目信息 |
| 题名: |
克隆的世界
|
|
| 作者: | 申云平 | |
| 分册: | ||
| 出版信息: | 北京 北京大学出版社 2000 |
|
| 页数: | 162 | |
| 开本: | 20cm | |
| 丛书名: | ||
| 单 册: | ||
| 中图分类: | Q785 | |
| 科图分类: | ||
| 主题词: | 遗传工程 | |
| 电子资源: | ||
| ISBN: | 7-301-04409-7 | |
| 000 | 00493nam0 2200181 450 | |
| 001 | 0741144344 | |
| 005 | 20070817112544.34 | |
| 010 | @a7-301-04409-7@d¥10.00 | |
| 100 | @a20070817d km y0chiy0120 ea | |
| 101 | 0 | @achi |
| 200 | 1 | @a克隆的世界@Ake long de shi jie@f申云平@Fshen yun ping |
| 210 | @a北京@c北京大学出版社@d2000 | |
| 215 | @a162@c彩图@d20cm | |
| 606 | 0 | @a遗传工程 |
| 690 | @aQ785@v3 | |
| 701 | 0 | @a申云平@Ashen yun ping |
| 801 | 0 | @aCN@bPFT@c20070817 |
| 905 | @a213230@dQ785@en1@f1 | |
| 克隆的世界/申云平.-北京:北京大学出版社,2000 |
| 162:彩图;20cm |
| ISBN 7-301-04409-7:¥10.00 |
| ● |
| 相关链接 |
|
|
|
|
正题名:克隆的世界
索取号:Q785/n1
 
预约/预借
| 序号 | 登录号 | 条形码 | 馆藏地/架位号 | 状态 | 备注 |
| 1 | 6600259 | 266002595 | 密集书库-生命科学系/ [索取号:Q785/n1] | 在馆 | |
| 2 | 6600260 | 266002602 | 密集书库-生命科学系/ [索取号:Q785/n1] | 在馆 | |
| 3 | 6601383 | 266013832 | 密集书库-生命科学系/ [索取号:Q785/n1] | 在馆 |